Mitsṭaʻer

Saved in:
நூற்பட்டியல் விவரங்கள்
தலைமை எழுத்தாளர்: Adam.
வடிவம்: கேட்பொலி
மொழி:Hebrew
வெளியீடப்பட்டது: Ramat Gan : Hed Arzi, 1988.
பகுதிகள்:
குறியீடுகள்: குறிச்சொல் இணை
குறியீடுகள் இல்லை, இந்த குறிச்சொல்லை முதலில் பதிவு செய்யுங்கள்!
LEADER 00578njm a22001937u 4500
001 007720953-2
005 20020606104010.5
008 880123s1988||||is ||nn||||||||||| heb|d
028 0 2 |a DJ 1609  |b Hed Arzi 
035 0 |a ocm38565785 
100 0 |a Adam. 
245 1 0 |a Mitsṭaʻer  |h sound recording /  |c Adam. 
260 0 |a Ramat Gan :  |b Hed Arzi,  |c 1988. 
300 |a 1 sound disc :  |b 33 1/3 rpm ;  |c 12 in. 
500 |a Words of song in Hebrew on a poster, inserted in album. 
655 7 |a Phonograph records (singles).  |2 local 
650 0 |a Songs, Hebrew  |z Israel. 
988 |a 20020608 
906 |0 MH